Exploring Consumer Choices: New Frontiers in Research Methodologies Scientific Papers Collection

Salvato in:
Dettagli Bibliografici
Altri autori: Žák, Štefan, 1971-, Strážovská, Helena, Gubíniová, Katarína
Natura: Libro
Lingua:inglese
Pubblicazione: Bratislava Consumer Insights Agency 2024
Edizione:1st Edition
Soggetti:
Tags: Aggiungi Tag
Nessun Tag, puoi essere il primo ad aggiungerne!!

MARC

LEADER 00000nlm a2200000 4500
001 0306268
005 20250120102701.5
020 |a 978-80-974995-1-8 
041 0 |a eng 
044 |a SK 
245 1 0 |a Exploring Consumer Choices: New Frontiers in Research Methodologies  |b Scientific Papers Collection  |c (Ed.): Štefan Žák ; Reviewers: Helena Strážovská, Katarína Gubíniová 
250 |a 1st Edition 
264 1 |a Bratislava  |b Consumer Insights Agency  |c 2024 
300 |a 123 s. [9,45 AH] 
610 2 0 |a spotrebitelia 
610 2 0 |a správanie spotrebiteľa 
610 2 0 |a metodológia 
610 2 0 |a výskum 
610 2 0 |a inteligencia umelá 
610 2 0 |a rozdiely generačné 
610 2 0 |a stratégia marketingová 
610 2 0 |a rozhodovanie nákupné 
610 2 0 |a značky výrobkov 
610 2 0 |a marketing elektronický 
610 2 0 |a obchod elektronický 
700 1 |a Žák, Štefan, 1971- 
700 1 |a Strážovská, Helena 
700 1 |a Gubíniová, Katarína